000 00952nam a22002417a 4500
005 20240305165519.0
007 cr|||| ||||
008 190410s2016 es |||||s|||| 00||0 spa d
020 _a978-84-945803-7-6
035 _a23155
040 _avLex
090 _c8579
_d8579
100 1 _aVarela, Lorena
245 1 0 _aDolo y error
_h[Recurso electrónico] /
_cLorena Varela
256 _aServicio en línea
260 _aBarcelona:
_bJ.M. Bosch Editor,
_c2016
300 _a1 recurso electrónico
506 1 _aDisponible solo en los productos indicados
_dvLex Global
_dvLex Global (Academic Edition, excluding Law Schools)
_dvLex Global (U.S. Academic Edition, Law Schools)
_dvLex Global (U.S. Academic Edition, excluding Law Schools)
_dvLex Global (Academic Edition, Law Schools)
650 0 4 _aDerecho Penal
_zEspaña
740 0 _avLex Libros (Servicio en línea)
856 4 0 _uhttps://app.vlex.com/#/sources/dolo-error-23155
942 _cRAA
999 _c166816
_d166816